000 00741nam a2200217Ii 4500
003 JO-AjNU
008 230605s9999||||xx |||||||||||||| ||und||
017 _a88/4397
020 _a977-106-027-9
040 _aJO-AjNU
_bara
_erda
_cJO-AjNU
041 _aara
050 1 4 _aBP144.K53
100 3 _aكشك،عبد الحميد,
_eauthor
_98904
245 0 0 _aفتاوى الشيخ كشك:هموم المسلم اليومية، ج7
264 3 1 _aالقاهرة:دار المختار الاسلامي للنشر والتوزيع والتصدير ،د.ت
300 _aج7، 110ص
336 _atext
_btxt
_2rdacontent
337 _aunmediated
_bn
_2rdamedia
338 _avolume
_bnc
_2rdacarrier
650 4 _aالفقه الاسلامي
_98905
999 _aA1026
_c4594
_d4594